000 nam a22 7a 4500
999 _c10859
_d10859
008 180228b ||||| |||| 00| 0 eng d
100 _96684
_aJEROME.J
245 _aTHREE MEN IN ABOAT
260 _aDELHI
_bRATNA SAGAR PUB
_c2013